[Event "Yingmei CHN-chT 2018"]
[Site "Guangdong"]
[Date "2018.11.27"]
[Round "19"]
[White "Dai, Changren"]
[Black "Zhang, Ziji"]
[Result "1-0"]
[WhiteElo "2464"]
[BlackElo "2397"]
[Annotator "TA"]
[PlyCount "95"]
[EventDate "2018.07.09"]
[EventType "team-tourn"]
[EventCountry "CHN"]
[SourceTitle "playchess.com"]
[Source "ChessBase"]
[SourceQuality "1"]

{[%evp 20,95,7,7,8,-67,-51,-47,2,-8,0,0,0,0,16,0,29,40,75,65,120,120,118,131,164,160,214,170,281,156,219,227,207,60,91,82,80,82,227,214,357,341,361,210,242,0,242,242,244,244,341,244,244,248,245,213,637,670,619,489,672,647,682,677,639,535,680,674,609,577,708,564,732,700,771,750,619,619]} 1. e4 e5 2. Nf3 Nc6 3. Bc4 Bc5 4. c3 Nf6 5. d3 O-O 6. O-O d5 7. exd5 Nxd5 8. Re1 Bg4 9. Nbd2 {C54: Giuoco Piano: 4 c3 Nf6, main lines with 5 d4 and 5 d3} Nb6 10. Bb5 Bd6 11. Ne4 {LiveBook: 7 Games. The position is equal.} (11. h3 Bh5 12. Ne4 Re8 13. Bg5 f6 14. Be3 a6 15. Bxc6 bxc6 16. Ng3 Bf7 17. c4 Bb4 18. Re2 Bf8 19. b3 c5 {0-1 (89) Nakamura,H (2777)-Grischuk,A (2766) Saint Louis 2018}) 11... f5 12. Neg5 $146 ({White should play} 12. Nxd6 $11 cxd6 13. d4) ({Predecessor:} 12. Ng3 Kh8 13. Bxc6 bxc6 14. h3 Bxf3 15. Qxf3 c5 16. b3 Qd7 {1-0 (39) Klek,H (2287)-Krivec,J (2244) Meissen 2013}) 12... Qf6 $1 $15 13. d4 Bxf3 14. Qxf3 h6 15. Bxc6 bxc6 16. dxe5 Bxe5 17. Nh3 g5 {White must now prevent ...g4.} 18. Qh5 {[%cal Rc1g5]} Rae8 19. Be3 $1 f4 (19... Nd5 $14) 20. Bc5 $16 {Hoping for f3.} Rf7 21. f3 $1 {Threatens to win with Nf2.} Nd7 22. Nf2 $1 {[%cal Rf2g4] Ng4 is the strong threat.} Qg7 (22... Kg7 $16) 23. Ng4 $36 {[%mdl 2048] White is in control.} Re6 (23... Nxc5 $142 24. Nxh6+ Kf8) 24. Rad1 (24. Bxa7 $18 {aiming for a4.} Rfe7 25. Bf2) 24... Kh7 ({But not} 24... Nxc5 $2 25. Rxe5 Rd7 26. Rxd7) (24... a5 $16 25. h4 gxh4) 25. Bxa7 Rfe7 26. Nxe5 (26. h4 $18) 26... Rxe5 $14 27. Rxe5 Qxe5 28. Bf2 $1 Qb5 (28... Qf5 $16) 29. Qh3 $18 Nf8 (29... Nf6 $142 30. Bd4 Qd5) 30. Qc8 Ng6 {[#]} 31. Re1 (31. h4 $142 $1 {[%mdl 512]}) 31... Qxb2 {[#]} 32. Rxe7+ $1 Nxe7 33. Qe6 {White wants to mate with Qf7+.} Qc1+ {[#]} 34. Qe1 $1 {[%cal Re1c1]} Qxe1+ 35. Bxe1 {[%mdl 4096] Endgame KB-KN} c5 36. c4 Nc6 37. a4 {[%cal Ba2a4,Ba4a5][%mdl 32]} Nb8 $2 (37... Kg6 38. a5 Nb8) 38. h4 {White is clearly winning.} Kg6 39. Kh2 Kh5 40. Kh3 Na6 41. a5 Nb8 42. Bc3 Na6 43. Bf6 Kg6 44. Bd8 Kh5 45. Be7 c6 46. Bd6 Kg6 47. Kg4 h5+ 48. Kh3 {Precision: White = 69%, Black = 27%.} 1-0

[Event "Yingmei CHN-chT 2018"]
[Site "Guangdong"]
[Date "2018.11.27"]
[Round "19"]
[White "Li, Xueyi"]
[Black "Ju, Wenjun"]
[Result "0-1"]
[WhiteElo "2446"]
[BlackElo "2525"]
[Annotator "TA"]
[PlyCount "118"]
[EventDate "2018.07.09"]
[EventType "team-tourn"]
[EventCountry "CHN"]
[SourceTitle "playchess.com"]
[Source "ChessBase"]
[SourceQuality "1"]

{[%evp 18,118,12,-2,-3,-22,-2,-17,-20,-15,-13,-11,25,18,40,40,63,-63,-63,-73,-75,-123,-122,-189,-164,-155,-175,-159,-110,-242,-121,-116,-104,-85,-89,-110,-110,-116,-114,-125,-112,-247,-251,-299,-298,-285,-284,-285,-278,-266,-243,-458,-456,-392,-441,-464,-478,-394,-388,-388,-448,-449,-430,-420,-446,-1158,-1150,-1150,-814,-701,-445,-547,-529,-436,-317,-702,-616,-1112,-761,-29968,-29970,-29970,-29970,-29967,-29962,-5073,-898,-29967,-29965,-29965,-12812,-9038,-29966,-29976,-6170,-29972,-6087,-5206,-2518,-2583,-2160,-29989,-29990]} 1. d4 Nf6 2. c4 e6 3. g3 d5 4. Bg2 Bb4+ 5. Nd2 O-O 6. Ngf3 b6 7. O-O Bb7 8. cxd5 exd5 9. a3 {E16: Queen's Indian: 4 g3 Bb7 5 Bg2 Bb4+} (9. Qb3 Bd6 10. Nb1 Re8 11. Nc3 c6 12. Bf4 Na6 13. Bxd6 Qxd6 14. Rfd1 Nc7 15. e3 Nd7 16. Rac1 Rad8 {½-½ (57) Esipenko,A (2581)-Parligras,M (2642) Batumi 2018}) 9... Bd6 10. b4 {LiveBook: 4 Games} Nbd7 11. Bb2 {The position is equal.} Qe7 12. Nh4 Qe6 13. Nc4 Be7 $146 ({Predecessor:} 13... Ba6 14. Ne3 Ng4 15. Nhf5 Nxe3 16. Nxe3 Nf6 {½-½ (44) Zheliandinov,V-Polikarpov,A Minsk (Belarus) 1970}) 14. Ne5 Nxe5 15. dxe5 Nd7 16. f4 Bxh4 17. f5 (17. gxh4 $14 Rfe8 18. e3) 17... Qe7 $15 {Threatens to win with ...Bg5.} 18. gxh4 Nxe5 19. f6 gxf6 20. e3 (20. b5 $17) 20... Kh8 21. b5 Rg8 {Hoping for ...d4!} 22. Bd4 Rg7 23. Ra2 (23. Kh1 $17) 23... Rag8 (23... a6 $19 24. Qa1 axb5 25. Rxf6 {[%mdl 64] Remove Defender} Qxf6 26. Bxe5 Qg6) 24. Kh1 c5 25. bxc6 Bxc6 {[%cal Bb7c6,Bc6b5,Bb5d3][%mdl 32]} 26. Qa1 Bb5 {[#]} 27. Rxf6 $1 {[%mdl 576] Remove Defender} Qxf6 28. Bxe5 Qf5 $1 ({Much less strong is} 28... Qxh4 29. Bf3 $15) 29. Rd2 {[#]} (29. Kg1 $17 {keeps fighting.}) 29... Bd3 $1 $19 30. h3 h6 31. Kh2 Kh7 {aiming for ...Rxg2+!} 32. Bxg7 Rxg7 33. Qd4 {[#]} Be4 $1 {...Qg6 is the strong threat.} 34. Bxe4 $2 (34. h5 {was called for.}) 34... dxe4 35. Rg2 Rxg2+ 36. Kxg2 {[%mdl 4096] Endgame KQ-KQ} Qf3+ 37. Kh2 Qf2+ 38. Kh1 Qxh4 39. Qd7 Kg7 40. Qd4+ Kg6 41. Kh2 (41. Kg2 $142 Qg5+ 42. Kh2) 41... Qf2+ 42. Kh1 Qf3+ 43. Kh2 Kh7 44. a4 Qf5 45. Kg2 a6 46. Kh2 $2 (46. Qxb6 Qf3+ 47. Kh2) 46... b5 {[%cal Bb6b5,Bb5b4][%mdl 32]} 47. a5 b4 48. Qb6 Qf2+ 49. Kh1 Qe1+ 50. Kh2 Qe2+ 51. Kg3 Qf1 (51... Qd1 $142 52. Qa7 Qf3+ 53. Kh2 b3) 52. Kh2 Qc4 53. Kg3 b3 54. Qf6 Qe6 55. Qc3 Kg6 (55... Qd6+ $142 56. Kg2 Qd3 57. Qf6 Qe2+ 58. Kg1 Qxe3+ {[%mdl 64] Double Attack} 59. Kh2 Qd2+ 60. Kh1 Kg8 61. Qxa6 Qd1+ 62. Kg2 Qc2+ 63. Kg3 b2 64. Qa8+ Kg7 65. Qb8 b1=Q 66. Qe5+ Kg6 67. Kh4 Qf2+ 68. Qg3+ Qxg3+ 69. Kxg3 Kf5 70. Kh2 Kf4 71. Kg2 Qb2+ 72. Kg1 Kf3 73. h4 Qg2#) 56. Qd4 Kf5 (56... Qf6 $142 57. Qxe4+ Kg7 58. Qh1 b2 59. Qb7 Qg6+ 60. Kf3 b1=Q 61. Qxb1 Qxb1 62. e4 Qh1+ 63. Ke3 Qxh3+ 64. Kd4 h5 65. Kc4 Qf1+ 66. Kd4 h4 67. e5 h3 68. Kc5 Qb5+ 69. Kd4 h2 70. Kc3 h1=Q 71. Kd2 Qbd5+ 72. Kc2 Qh2+ {[%mdl 64] Double Attack} 73. Kc3 Qhd2#) 57. Kg2 Qc6 58. Kg3 Qc7+ {[%mdl 64] Double Attack} 59. Kh4 Qe7+ {Accuracy: White = 25%, Black = 59%.} 0-1

[Event "Yingmei CHN-chT 2018"]
[Site "Guangdong"]
[Date "2018.11.27"]
[Round "19"]
[White "Zhou, Zirun"]
[Black "Gunina, Valentina"]
[Result "0-1"]
[WhiteElo "2429"]
[BlackElo "2561"]
[Annotator "TA"]
[PlyCount "96"]
[EventDate "2018.07.09"]
[EventType "team-tourn"]
[EventCountry "CHN"]
[SourceTitle "playchess.com"]
[Source "ChessBase"]
[SourceQuality "1"]

{[%evp 21,96,-14,0,-20,-23,-50,-43,-66,-59,-80,-29,-31,-11,-118,-83,-98,-70,-172,72,44,78,59,77,89,61,0,0,-21,-8,-15,-14,-37,-10,-5,-7,-17,32,9,8,13,21,0,-10,-24,-18,-20,-19,-93,-100,-143,-138,-132,-112,-219,-194,-212,-225,-225,-223,-218,-223,-223,-208,-216,-192,-178,-22,-339,-322,-330,-302,-288,-252,-309,-223,-1494,-1326]} 1. d4 Nf6 2. c4 e6 3. Nc3 Bb4 4. e3 O-O 5. Nge2 d5 6. a3 Bd6 7. Ng3 b6 {E46: Nimzo-Indian: Rubinstein: 4 e3 0-0 5 Ne2 without early Bd3} (7... c6 8. Be2 Nbd7 9. O-O dxc4 10. Bxc4 e5 11. Ba2 Nb6 12. dxe5 Bxe5 13. Qc2 Qe7 14. e4 Be6 15. Bxe6 Qxe6 {½-½ (51) Lopez Martinez,J (2584)-Meier,G (2648) Batumi 2018}) 8. cxd5 exd5 9. Bd3 Re8 10. O-O Bb7 11. b4 Nbd7 {LiveBook: 5 Games} 12. Bb2 a6 13. Bc2 $146 ({Predecessor:} 13. Rc1 Rc8 14. Nf5 Bf8 15. Qe2 Nb8 16. Rfd1 c5 17. dxc5 bxc5 {1-0 (31) Koc,I (2036)-Durak,A (1647) Antalya 2018}) 13... b5 14. Qf3 Nb6 15. Rad1 Nc4 (15... a5 $17 {White must now prevent ...Nc4.} 16. Nxb5 Bxg3 17. Qxg3 axb4) 16. Bc1 $1 $11 Qd7 17. Nh5 (17. Rfe1 $11 {remains equal.}) 17... Nxh5 18. Qxh5 g6 19. Qh3 (19. Qf3 $1 $15) 19... Qc6 $2 {[#]} (19... Qxh3 $19 20. gxh3 f5) 20. e4 $1 $36 {[%mdl 2560] White is more active.} dxe4 21. d5 Qb6 {Strongly threatening ...e3.} 22. Nxe4 {Threatens to win with Nf6+.} Be5 23. Nc5 (23. Qh4 $14) 23... Rad8 $11 24. Nxb7 Qxb7 25. Qf3 Qb6 26. Bb3 a5 27. bxa5 Nxa5 28. Ba2 Rd6 29. Be3 Qa6 30. g3 Nb7 31. Qe2 Rdd8 32. Bb1 Nd6 33. Bd3 Rb8 34. Rb1 {[#]} (34. Qa2 $11 {keeps the balance.}) 34... Bd4 $1 $17 {[%mdl 512]} 35. Rfe1 (35. Bxd4 Rxe2) 35... Bxe3 36. fxe3 Re5 37. Qc2 (37. e4 $17 {was called for.}) 37... Qa7 $19 ({Don't play} 37... Rxd5 38. a4 $17) 38. Kg2 Rxd5 39. e4 Re5 40. a4 b4 ({Don't take} 40... bxa4 41. Rxb8+ Qxb8 42. Qxa4) 41. Qb2 Ra5 42. e5 Rxa4 43. Re2 Nb5 $2 (43... Ra3 $19 44. Qd2 Nb5 45. Rxb4 Nc3 46. Rxb8+ Qxb8) 44. Bxb5 $4 {[%mdl 8192]} (44. e6 $11 fxe6 45. Rxe6) 44... Rxb5 45. Rd1 Qa8+ 46. Kg1 {And now e6 would win.} Rd5 47. Rc1 Rd3 48. Qc2 $2 (48. e6 fxe6 49. Qf6) 48... Rc3 {Accuracy: White = 33%, Black = 54%.} 0-1

[Event "Yingmei CHN-chT 2018"]
[Site "Guangdong"]
[Date "2018.11.27"]
[Round "19"]
[White "Li, Yankai"]
[Black "Wan, Yunguo"]
[Result "1/2-1/2"]
[WhiteElo "2427"]
[BlackElo "2523"]
[Annotator "TA"]
[PlyCount "54"]
[EventDate "2018.07.09"]
[EventType "team-tourn"]
[EventCountry "CHN"]
[SourceTitle "playchess.com"]
[Source "ChessBase"]
[SourceQuality "1"]

{[%evp 17,54,29,50,42,25,18,70,45,43,0,0,-40,-43,-172,-172,-172,-172,-172,-167,-178,-178,-170,-167,-170,-145,-195,-185,-183,-180,-203,-161,-229,-238,-235,-238,-241,-243,-271,-272]} 1. d4 Nf6 2. c4 g6 3. Nc3 d5 4. Bg5 Bg7 5. Bxf6 Bxf6 6. cxd5 {D80: Grünfeld: Unusual White 4th moves and 4 Bg5} c5 7. dxc5 {[%cal Bd4c5,Bc5c6][%mdl 32]} Nd7 8. c6 Nc5 9. Rc1 Qb6 {LiveBook: 4 Games} 10. Nf3 O-O 11. e3 Rd8 $146 ({Black should play} 11... Qxb2 $11 12. Qd2 Qb6) ({Predecessor:} 11... Qxb2 12. Nd4 bxc6 13. Be2 cxd5 14. Nxd5 Bxd4 15. Nxe7+ Kg7 16. Qxd4+ Qxd4 17. exd4 Re8 18. Rxc5 {½-½ (18) Vallejo Pons,F (2710)-Nepomniachtchi,I (2751) Moscow 2017}) 12. c7 Qxc7 13. Be2 Qb6 14. Qd2 Bf5 15. b3 {[#]} (15. O-O $15) 15... Bxc3 $1 $19 16. Qxc3 {[#]} Rac8 $1 ({Stronger than} 16... Rxd5 17. O-O $11) 17. O-O Nd3 $1 {[%cal Rd3c1][%mdl 64] Pin} 18. Qxc8 Rxc8 19. Rxc8+ Bxc8 20. Bxd3 Qc5 21. e4 Qc3 $36 {[%mdl 3072] Black has strong compensation. Black is really pushing.} 22. Rd1 Bg4 23. Kf1 Qb2 24. Bb1 (24. Rd2 {might work better.} Qc1+ 25. Ke2) 24... Kg7 25. h3 Bxf3 $1 26. gxf3 g5 27. Re1 Qd2 {[%mdl 32768] Accuracy: White = 37%, Black = 70%. . An unexpected result.} 1/2-1/2

[Event "Yingmei CHN-chT 2018"]
[Site "Guangdong"]
[Date "2018.11.27"]
[Round "19"]
[White "Zhao, Yuanhe"]
[Black "Zou, Chen"]
[Result "1/2-1/2"]
[WhiteElo "2389"]
[BlackElo "2384"]
[Annotator "TA"]
[PlyCount "93"]
[EventDate "2018.07.09"]
[EventType "team-tourn"]
[EventCountry "CHN"]
[SourceTitle "playchess.com"]
[Source "ChessBase"]
[SourceQuality "1"]

{[%evp 21,93,40,36,0,0,0,9,0,34,35,28,37,49,26,23,31,41,26,20,6,48,4,15,-5,-6,-38,-35,-38,-47,-48,-50,-63,-61,-62,0,2,35,10,8,10,89,95,77,78,90,84,96,80,96,0,0,5,4,8,53,20,35,35,27,15,90,83,114,120,131,89,158,35,61,0,147,0,48,0]} 1. d4 Nf6 2. c4 g6 3. Nc3 Bg7 4. e4 d6 5. Nf3 O-O 6. Be2 e5 7. dxe5 dxe5 8. Qxd8 Rxd8 9. Bg5 Na6 10. Nd5 Rd6 11. Bxf6 Bxf6 12. b4 {E92: King's Indian: Classical: 6 Be2 e5: 7 dxe5, 7 Be3 and Petrosian System without 7...Nbd7} (12. Rc1 Bd8 13. c5 Re6 14. a3 Nb8 15. O-O Re8 16. b4 Bg4 17. Nd4 exd4 18. Bxg4 c6 19. Bc8 a5 20. Bxb7 {1-0 (31) Nakamura,H (2760)-Ding,L (2702) Beijing 2012}) 12... c6 13. Nxf6+ Rxf6 14. a3 {The position is equal.} c5 $146 ({Predecessor:} 14... Rf4 15. Ng5 c5 16. b5 Nc7 17. Rd1 h6 18. g3 Rf6 19. Rd8+ Kg7 {1-0 (42) Maghsoodloo,P (2243)-Firouzja,A (2285) Teheran 2016}) 15. b5 Nc7 16. Nxe5 Re6 17. Nd3 Rxe4 18. Nxc5 Re5 19. Nd3 Re7 20. Kd2 Bf5 21. Rhe1 Rd8 22. Rad1 Re4 $1 23. Kc3 Be6 $1 24. Nc1 Rc8 25. f3 Rh4 $1 26. g3 Rxh2 27. Kb4 Na8 (27... b6 $15) 28. a4 $11 {[%cal Ba3a4,Ba4a5][%mdl 32]} Rh3 29. Rg1 Nb6 {[%cal Rb6c4]} 30. Rd4 Rh5 (30... Rh2 $11) 31. Rgd1 {Strongly threatening a5.} Rc7 32. a5 $1 {[%cal Ra5b6]} Nd7 33. Nd3 {Threatens to win with Nf4.} Rh2 34. Nf4 $1 {[%cal Rf4e6]} Nc5 {[#]} 35. b6 (35. Rd5 $1 $16 {[%mdl 512]} b6 (35... Bxd5 36. Nxd5) 36. axb6 axb6 37. Rd6) 35... axb6 36. axb6 Na6+ 37. Kc3 Re7 (37... Rc6 {is more complex.} 38. Rd6 Rxd6 39. Rxd6 Kf8 40. Kd4 g5) 38. R1d2 $40 {[%mdl 128] White attacks.} g5 39. Nd3 Kg7 40. Bd1 Rh3 (40... Rxd2 $11 {keeps the balance.} 41. Kxd2 Bf5) 41. g4 $16 f5 42. gxf5 Bxf5 43. Rd5 Kf6 {[#]} (43... Bxd3 $142 44. R2xd3 h6) 44. Rd6+ (44. Nf2 $1 $16 {Black must now prevent Rxf5+!} Rh4 45. Ng4+ Bxg4 46. fxg4) 44... Kf7 45. Rd5 (45. Nf2 $14 Rh4 46. R2d5) 45... Kf6 $1 {[#]} 46. Rd6+ ({White has to play} 46. Nf2 $1 $16 {aiming for Rxf5+!} Rh4 47. Ng4+ Bxg4 48. fxg4) 46... Kf7 $14 47. Rd5 {Accuracy: White = 53%, Black = 51%.} 1/2-1/2

[Event "Yingmei CHN-chT 2018"]
[Site "Guangdong"]
[Date "2018.11.27"]
[Round "19"]
[White "Wang, Yu A."]
[Black "Zhu, Jiner"]
[Result "0-1"]
[WhiteElo "2379"]
[BlackElo "2107"]
[Annotator "TA"]
[PlyCount "52"]
[EventDate "2018.07.09"]
[EventType "team-tourn"]
[EventCountry "CHN"]
[SourceTitle "playchess.com"]
[Source "ChessBase"]
[SourceQuality "1"]

{[%evp 16,52,0,-23,-17,-40,-45,-46,-44,-77,-47,-79,-63,-75,16,16,0,-22,0,0,10,-66,-79,-239,-232,-218,-239,-242,-244,-227,-222,-700,-694,-1735,-1694,-1616,-1655,-3574,-1829]} 1. Nf3 Nf6 2. d4 g6 3. Bf4 Bg7 4. e3 d6 5. h3 O-O 6. Nbd2 b6 7. Be2 Bb7 8. O-O Nbd7 9. c4 {LiveBook: 3 Games. A48: 1 d4 Nf6 2 Nf3 g6: Torre, London and Colle Systems} (9. a4 a6 10. Bh2 Ne4 11. Nxe4 Bxe4 12. c3 e5 13. Qb3 Qe7 14. Rfd1 Bb7 15. a5 b5 16. dxe5 Nxe5 17. Nxe5 dxe5 {½-½ (71) Pourramezanali,A (2533)-Yu,Y (2744) Tbilisi 2017}) 9... Re8 10. Bh2 e5 11. d5 {Black is slightly better.} c6 $146 ({Predecessor:} 11... h6 12. b4 Nh7 13. Rc1 f5 14. Nb3 Ndf6 15. Qc2 Ng5 16. Rfd1 Kh7 {0-1 (51) Dinter,B (2069)-Lipskij,V (2114) Vilnius 2011}) 12. e4 Nc5 ({Don't play} 12... cxd5 13. cxd5 Rc8 14. Re1 $11) 13. Qb1 a5 ({But not} 13... cxd5 14. cxd5 a5 15. Bb5 $11) 14. Re1 b5 (14... Qd7 $17) 15. dxc6 $11 Bxc6 16. cxb5 Bxe4 17. Nxe4 Nfxe4 18. Bf1 (18. Qc2 $11) 18... d5 $15 {Strongly threatening ...Nxf2!} 19. Qd1 $2 {[#]} (19. Qc2 $17 {is a better defense.}) 19... Nxf2 $1 $19 {[%mdl 512]} 20. Kxf2 {[#]} Qb6 $1 21. Kg3 Ne4+ 22. Rxe4 dxe4 23. Bc4 $2 (23. Bg1 Qf6 24. Be3 exf3 25. Qxf3) 23... exf3 {Black is clearly winning.} ({Less strong is} 23... Qe3 24. Qd2 $17) 24. Qxf3 e4 {( -> ...Be5+)} 25. Qxf7+ Kh8 26. Bg1 Qd6+ {Accuracy: White =  7%, Black = 68%.} 0-1

[Event "Yingmei CHN-chT 2018"]
[Site "Guangdong"]
[Date "2018.11.27"]
[Round "19"]
[White "Zhai, Mo"]
[Black "Khotenashvili, Bela"]
[Result "0-1"]
[WhiteElo "2363"]
[BlackElo "2352"]
[Annotator "RC"]
[PlyCount "80"]
[EventDate "2018.07.09"]
[EventType "team-tourn"]
[EventCountry "CHN"]
[SourceTitle "playchess.com"]
[Source "ChessBase"]
[SourceQuality "1"]
[TimeControl "5400+30"]

1. d4 {[%emt 0:00:00]} Nf6 {[%emt 0:00:00]} 2. g3 {[%emt 0:00:00]} c5 {[%emt 0:03:41]} 3. c3 {[%emt 0:00:01]} e6 {[%emt 0:04:21]} 4. Bg2 {[%emt 0:00:09]} d5 {[%emt 0:00:15]} 5. Nf3 {[%emt 0:00:34]} Nc6 {[%emt 0:00:11]} 6. O-O {[%emt 0:00:44]} Be7 {[%emt 0:02:37]} 7. Ne5 {[%emt 0:04:03]} O-O {[%emt 0:10:57]} 8. Nxc6 {[%emt 0:00:25]} bxc6 {[%emt 0:00:07]} 9. Nd2 {[%emt 0:00:21]} cxd4 {[%emt 0:02:01]} 10. cxd4 {[%emt 0:00:06]} Qb6 {[%emt 0:03:10]} 11. Nb3 {[%emt 0:01:06]} a5 {[%emt 0:00:43]} 12. Qc2 {[%emt 0:00:41]} Nd7 {[%emt 0:14:33]} 13. Be3 {[%emt 0:01:30]} Ba6 {[%emt 0:03:22]} 14. Rfe1 {[%emt 0:08:13]} Bf6 {[%emt 0:19:09]} 15. Rab1 {[%emt 0:09:59]} a4 {[%emt 0:05:41]} 16. Nc5 {[%emt 0:00:30]} Nxc5 {[%emt 0:00:06]} 17. dxc5 {[%emt 0:00:06]} Qb4 {[%emt 0:04:57]} 18. a3 {[%emt 0:12:40]} Qc4 {[%emt 0:01:06]} 19. Qd2 {[%emt 0:00:18]} Rfb8 {[%emt 0:01:00]} 20. Bf4 {[%emt 0:06:01]} Rb3 {[%emt 0:04:47]} 21. Bd6 {[%emt 0:07:04]} Qd4 {[%emt 0:03:38]} 22. Red1 {[%emt 0:10:14]} Qxd2 {[%emt 0:01:04]} 23. Rxd2 {[%emt 0:00:02]} Ra7 {[%emt 0:01:42]} 24. e4 {[%emt 0:13:16]} Bc3 {[%emt 0:02:53]} 25. Rdd1 {[%emt 0:00:07]} Bxb2 {[%emt 0:00:25]} 26. exd5 {[%emt 0:02:12]} exd5 {[%emt 0:00:02]} 27. Re1 {[%emt 0:00:18]} h5 {[%emt 0:04:46]} 28. Re8+ {[%emt 0:01:54]} Kh7 {[%emt 0:00:01]} 29. Bh3 {[%emt 0:01:30]} Bd3 {[%emt 0:02:38]} 30. Rd1 {[%emt 0:00:26]} Bc2 {[%emt 0:01:46]} 31. Rd2 {[%emt 0:00:20]} Bg6 {[%emt 0:01:44]} 32. Rc8 {[%emt 0:05:05]} Bc3 {[%emt 0:00:01]} 33. Re2 {[%emt 0:01:09]} Bd3 {[%emt 0:00:34]} 34. Re3 {[%emt 0:00:50]} Rb1+ {[%emt 0:00:31]} 35. Kg2 {[%emt 0:00:06]} Bf1+ {[%emt 0:00:09]} 36. Kf3 {[%emt 0:00:05]} Bxh3 {[%emt 0:00:05]} 37. Rxc6 {[%emt 0:00:55]} Rb3 {[%emt 0:01:22]} 38. Rb6 {[%emt 0:00:43]} d4 {[%emt 0:00:24]} 39. Re5 {[%emt 0:00:45]} g6 {[%emt 0:01:29]} 40. Re8 {[%emt 0:03:28]} d3 {[%emt 0:00:16]} 0-1

[Event "Yingmei CHN-chT 2018"]
[Site "Guangdong"]
[Date "2018.11.27"]
[Round "19"]
[White "Zhao, Shengxin"]
[Black "Ren, Xiaoyi"]
[Result "1/2-1/2"]
[WhiteElo "2360"]
[BlackElo "2427"]
[Annotator "TA"]
[PlyCount "60"]
[EventDate "2018.07.09"]
[EventType "team-tourn"]
[EventCountry "CHN"]
[SourceTitle "playchess.com"]
[Source "ChessBase"]
[SourceQuality "1"]

{[%evp 12,60,20,14,11,0,5,-23,-33,-27,-10,-23,0,0,56,0,0,0,70,29,30,39,33,34,30,18,92,93,121,119,121,130,115,114,119,78,76,75,74,56,51,25,24,21,36,0,0,0,19,15,22]} 1. c4 Nf6 2. Nc3 c6 3. e4 d5 4. cxd5 cxd5 5. e5 d4 6. exf6 {A16: English Opening: 1...Nf6 with ...d5} dxc3 7. bxc3 {LiveBook: 5 Games} exf6 8. Nf3 (8. d4 Be7 9. Bd3 O-O 10. Ne2 Nc6 11. O-O Bg4 12. Rb1 b6 13. h3 Bh5 {½-½ (54) Chernyshov,K (2552)-Antipov,M (2407) Pardubice 2011}) 8... Bd6 9. Be2 O-O 10. O-O Qc7 $146 ({Predecessor:} 10... Nd7 11. d4 f5 12. Bd3 Nf6 13. Qc2 Qa5 {1-0 (27) Guth,N (2118)-Engelmann,H (1990) France 2002}) 11. h3 Be6 12. Nd4 Nd7 (12... Bd7 $11) 13. Nb5 (13. Nxe6 $14 fxe6 14. Rb1) 13... Qc6 $11 14. a4 {Black must now prevent Bf3.} Bf4 (14... Bb8 $11) 15. Ba3 {Hoping for Nd4.} Rfd8 16. Nd4 Qc7 17. Nxe6 fxe6 18. Qb3 Qb6 (18... Bxd2 $11 {keeps the balance.} 19. Qxe6+ Kh8) 19. Qa2 $16 Kh8 20. Rab1 Qc7 21. Qxe6 Bxd2 22. Bd6 Qxc3 23. Rxb7 Nc5 24. Bxc5 $1 Qxc5 25. Qf7 $36 {[%csl Gb7][%cal Rf7g7][%mdl 2048] [#] White has some pressure.} Qf8 26. Qh5 a5 27. Rfb1 Rac8 28. Qf7 Qxf7 {The position is equal.} 29. Rxf7 Rc1+ 30. Rxc1 Bxc1 {Accuracy: White = 59%, Black = 65%.} 1/2-1/2

[Event "Yingmei CHN-chT 2018"]
[Site "Guangdong"]
[Date "2018.11.27"]
[Round "19"]
[White "Wang, Jue"]
[Black "Ding, Yixin"]
[Result "1/2-1/2"]
[WhiteElo "2351"]
[BlackElo "2089"]
[Annotator "TA"]
[PlyCount "60"]
[EventDate "2018.07.09"]
[EventType "team-tourn"]
[EventCountry "CHN"]
[SourceTitle "playchess.com"]
[Source "ChessBase"]
[SourceQuality "1"]

{[%evp 12,60,58,58,58,52,57,65,63,60,59,58,65,31,35,13,31,12,26,24,29,16,29,18,41,19,22,0,14,13,7,10,14,-4,0,0,8,3,4,4,4,3,7,0,0,0,0,0,0,-4,5]} 1. e4 d6 {[%cal Bd7d6,Bd6d5][%mdl 32]} 2. d4 Nf6 3. Nc3 e5 4. Nf3 exd4 5. Nxd4 Be7 6. g3 d5 7. e5 Ng4 {C41: Philidor Defence} 8. Bg2 Nxe5 9. Qe2 Nbc6 {White is slightly better.} 10. Nxc6 Nxc6 11. Nxd5 {Hoping for Bg5.} O-O 12. O-O $146 ({Predecessor:} 12. Nxe7+ Qxe7 13. Qxe7 Nxe7 14. O-O c6 15. b3 {½-½ (66) Buhmann,R (2588)-Bussard,C (2251) Apolda 2017}) 12... Bd6 13. Rd1 Re8 14. Be3 Bf5 15. Qb5 {Threatening Nxc7!} Qc8 16. Qb3 Bg4 17. Rd2 Ne5 18. Bf4 Rb8 {The position is equal.} 19. Bxe5 Rxe5 20. Ne3 Be6 21. Qd3 Bc5 22. Nc4 Bxc4 23. Qxc4 Qe8 {White should prevent ...Re1+.} 24. Rad1 Re1+ 25. Bf1 Rxd1 26. Rxd1 Bb6 27. Bd3 g6 28. Qe4 Qxe4 29. Bxe4 Kf8 30. Kg2 Ke7 {Accuracy: White = 53%, Black = 74%.} 1/2-1/2